000
00291nam a22001337a 4500
008
210302b ||||| |||| 00| 0 eng d
020
_a
9781617403439
041
_a
eng
080
_2
2nd
_a
37
100
_a
46
101
_a
EDU
245
_a
The Engaged Reader
_c
Breeze,W
942
_2
udc
_c
BK
999
_c
55455
_d
55455